| 000 | 00514nam a2200181Ia 4500 | ||
|---|---|---|---|
| 999 |
_c29781 _d29781 |
||
| 003 | OSt | ||
| 005 | 20201127133655.0 | ||
| 008 | 190216s9999||||xx |||||||||||||| ||und|| | ||
| 020 | _a8123744390 | ||
| 040 | _coclc | ||
| 082 |
_a894.8123 _bRAS/A |
||
| 100 |
_aRasa, Raahi Maasum _96995 |
||
| 245 | 0 |
_aArdhagramam / _cRaahi Maasum Rasa |
|
| 260 |
_bNational Book Trust India, _c2005. _aNew Delhi: |
||
| 300 | _a375p | ||
| 650 | _aNovel | ||
| 942 |
_cBK _2ddc _h894.8123 _iRAS/A _k894.8123 _mRAS/A |
||